| 000 | 00515nam a2200145 a 4500 | ||
|---|---|---|---|
| 008 | 120416s1997 ||||||||||||||||| || u | ||
| 020 | _a0750624272 | ||
| 050 | _aHF 5415.153 Jon | ||
| 100 | _aJones, T | ||
| 245 | 1 | 0 | _aNew product development |
| 246 | _aan introduction to a multifunctional process | ||
| 260 |
_aOxford _bB-H _c1997 |
||
| 350 | _a0.00 | ||
| 995 |
_D0.00 _FCBU-MAIN LIBRARY (Kitwe) _H1 _I15.95 _M1 _UAVAILABLE _ZMain Library Open Access Collection |
||
| 999 |
_c52185 _d52185 |
||